000 01240cad a22002175a 4500
001 L151237
008 101011s2010 xxk f 000 0 eng d
035 _a(Sirsi) u151237
041 0 _aeng
050 0 4 _a306.1 $2 18
110 2 _aEC Harris
_94930
245 0 0 _aFocus on the UK mainstream residential recovery
_bthe UK mainstream residential recovery from underwater to dry water
_h[electronic resource]
260 _a[S.l.]
_bs.n.]
_c2010?]
520 _aResults of market research using real project data to extrapolate gross margin postion over an eight year timeframe from the peak of the market in late 2007 through to projected scenarios of schemes completing in 2015. Types of schemes selected include Inner London (all projects) Inner London (high rise), Outer London/Home Counties (all projects) Outer London/Home Counties (low density) and Provincial Town/City (all projects).
590 _aKA
651 4 _aEngland and Wales
_y1543-
690 _aResidential property
_96266
710 1 _aSavills Research
_95211
856 4 0 _uhttps://pdf.euro.savills.co.uk/uk-research/focus-on-the-uk-mainstream-residential-recovery.pdf
_zView the document free of charge (requires onsite registration) at www.savills.co.uk
942 _n0
999 _c111244
_d111244